Kinetic logic a boolean approach to the analysis of complex regulatory systems

Zapisane w:
Opis bibliograficzny
1. autor: Thomas, René (Autor)
Format: Książka
Język:angielski
Wydane: Berlín Springer-Verlag 1979
Seria:Lecture Notes in Biomathematics, 29
Hasła przedmiotowe:
Etykiety: Dodaj etykietę
Nie ma etykietki, Dołącz pierwszą etykiete!

MARC

LEADER 00000nam a2200000 a 4500
001 UCS0911
003 CL-VaPUC
005 20230412074524.0
008 970428e19790000gw 1 eng d
082 0 4 |a 570.15195  |b THO  |2 21 
100 1 |a Thomas, René  |e author  |9 618361 
245 1 0 |a Kinetic logic a boolean approach to the analysis of complex regulatory systems 
260 |a Berlín  |b Springer-Verlag  |c 1979 
300 |a 507 p 
490 0 |a Lecture Notes in Biomathematics, 29 
583 |a last modification  |c 19970428 00:00:00  |k Rodrigo Vera 
650 0 7 |a BIOMATEMATICAS  |2 CL-VaPUC  |9 260148 
650 0 0 |a Modelos matemáticos   |9 259437 
650 0 0 |a Álgebra booleana  |9 270639 
650 0 7 |a SISTEMAS BIOLOGICOS  |2 CL-VaPUC  |9 375368 
650 0 7 |a INMUNIDAD  |2 CL-VaPUC  |9 382169 
650 0 7 |a BACTERIOFAGO  |2 CL-VaPUC  |9 370268 
650 0 0 |a Bacteriología  |9 259330 
650 0 0 |a Congresos  |9 257560 
942 |c BK 
945 |a rleighto  |d 19970428 00:00:00 
546 |a En Inglés 
518 |p Proceedinggs of the EMBO course "Formal analysis of genetic regulation", Held, Brussels, September, 6-16, 1977 
999 |c 382918  |d 382916